000 00315nam a2200133Ia 4500
008 231129s1976||||xx |||||||||||||| ||spa||
040 _bspa
082 _a(i) 986.104 A139f
100 _aAbella Arturo
245 0 _aEl florero de Llorente Arturo Abella
260 _c1976
264 _aBedout
942 _2ddc
_cBKS
999 _c11103
_d11103